<?xml version="1.0" encoding="UTF-8"?>
<collection xmlns="http://www.loc.gov/MARC21/slim">
<record>
  <controlfield tag="001">140637</controlfield>
  <controlfield tag="005">20240827154315.0</controlfield>
  <datafield tag="037" ind1=" " ind2=" ">
    <subfield code="a">GDOC-2022-25352</subfield>
  </datafield>
  <datafield tag="970" ind1=" " ind2=" ">
    <subfield code="a">GDOC-2022-25352</subfield>
  </datafield>
  <datafield tag="041" ind1=" " ind2=" ">
    <subfield code="a">spa</subfield>
  </datafield>
  <datafield tag="041" ind1=" " ind2=" ">
    <subfield code="a">eng</subfield>
  </datafield>
  <datafield tag="540" ind1=" " ind2=" ">
    <subfield code="a">by-nc-sa</subfield>
    <subfield code="b">Creative Commons</subfield>
    <subfield code="c">3.0</subfield>
    <subfield code="u">http://creativecommons.org/licenses/by-nc-sa/3.0/</subfield>
  </datafield>
  <datafield tag="260" ind1=" " ind2=" ">
    <subfield code="a">Zaragoza</subfield>
    <subfield code="b">Universidad de Zaragoza</subfield>
    <subfield code="c">2022-2023</subfield>
  </datafield>
  <datafield tag="245" ind1="0" ind2="0">
    <subfield code="9">25352</subfield>
    <subfield code="a">Practicum</subfield>
  </datafield>
  <datafield tag="242" ind1="0" ind2="0">
    <subfield code="9">25352</subfield>
    <subfield code="a">Practicum</subfield>
  </datafield>
  <datafield tag="100" ind1=" " ind2=" ">
    <subfield code="0">(orcid)0000-0003-1717-2370</subfield>
    <subfield code="a">María Angulo, Egea</subfield>
    <subfield code="1">614075</subfield>
  </datafield>
  <datafield tag="700" ind1=" " ind2=" ">
    <subfield code="0">(orcid)0000-0001-9913-2705</subfield>
    <subfield code="a">Juan Pablo Artero, Muñoz</subfield>
    <subfield code="1">444878</subfield>
  </datafield>
  <datafield tag="700" ind1=" " ind2=" ">
    <subfield code="0">(orcid)0000-0001-7373-074X</subfield>
    <subfield code="a">Joseba Bonaut, Iriarte</subfield>
    <subfield code="1">782666</subfield>
  </datafield>
  <datafield tag="700" ind1=" " ind2=" ">
    <subfield code="0">(orcid)0000-0001-6221-2824</subfield>
    <subfield code="a">Miguel Ángel Esteban, Navarro</subfield>
    <subfield code="1">151890</subfield>
  </datafield>
  <datafield tag="700" ind1=" " ind2=" ">
    <subfield code="0">(orcid)0000-0002-5942-6140</subfield>
    <subfield code="a">José Antonio Gabelas, Barroso</subfield>
    <subfield code="1">310429</subfield>
  </datafield>
  <datafield tag="700" ind1=" " ind2=" ">
    <subfield code="0">(orcid)0000-0002-0004-1094</subfield>
    <subfield code="a">Carmen María Marta, Lazo</subfield>
    <subfield code="1">390878</subfield>
  </datafield>
  <datafield tag="700" ind1=" " ind2=" ">
    <subfield code="0">(orcid)0000-0003-0050-6979</subfield>
    <subfield code="a">Antonia Isabel Nogales, Bocio</subfield>
    <subfield code="1">391574</subfield>
  </datafield>
  <datafield tag="700" ind1=" " ind2=" ">
    <subfield code="a">Mirtha Orallo, Rodríguez</subfield>
    <subfield code="1">794525</subfield>
  </datafield>
  <datafield tag="700" ind1=" " ind2=" ">
    <subfield code="a">María Antonia Rebolledo, San Martín</subfield>
    <subfield code="1">752405</subfield>
  </datafield>
  <datafield tag="700" ind1=" " ind2=" ">
    <subfield code="0">(orcid)0000-0003-0332-9445</subfield>
    <subfield code="a">Ana Segura, Anaya</subfield>
    <subfield code="1">343708</subfield>
  </datafield>
  <datafield tag="830" ind1=" " ind2=" ">
    <subfield code="9">272</subfield>
  </datafield>
  <datafield tag="856" ind1="4" ind2=" ">
    <subfield code="s">17698</subfield>
    <subfield code="u">http://zaguan.unizar.es/record/140637/files/guia-25352-es.pdf</subfield>
    <subfield code="y">Guía (idioma español)</subfield>
  </datafield>
  <datafield tag="856" ind1="4" ind2=" ">
    <subfield code="s">7638</subfield>
    <subfield code="u">http://zaguan.unizar.es/record/140637/files/guia-25352-en.pdf</subfield>
    <subfield code="y">Guide (english)</subfield>
  </datafield>
  <datafield tag="521" ind1=" " ind2=" ">
    <subfield code="9">105</subfield>
    <subfield code="a">Graduado en Periodismo</subfield>
    <subfield code="b">Degree in Journalism</subfield>
  </datafield>
  <datafield tag="980" ind1=" " ind2=" ">
    <subfield code="a">GDOC</subfield>
    <subfield code="b">Ciencias Sociales y Jurídicas</subfield>
    <subfield code="b">Social Sciences and Law</subfield>
    <subfield code="c">103</subfield>
  </datafield>
</record>
</collection>